书目信息 |
| 书名: | Problems of linear electron (polaron) transport theory in semiconductors | |
| 作者: | by M. I. Klinger ; translated and edited by J. B. Sykes. | |
| 分册号: | ||
| 分册名: | 出版地: | Oxford ; |
|
| 出版社: | Pergamon Press | |
| 出版时间: | 1979. | |
| 页数: | xv, 934 p. ; | |
| 开本: | 26 cm. | |
| 丛书名: | ||
| 中图分类号: | ||
| 科图分类号: | ||
| 其他分类号: | O417.3 | |
| 主题词: | ||
| 电子资源: | ||
| 000 | 01023nam 2200313 4504 | |
| 001 | E0730551254 | |
| 005 | 20070306082945.21 | |
| 008 | 781027s1979 enk b 00110 eng | |
| 010 | @a78040821 | |
| 015 | @aGB79 | |
| 020 | @a0080182240. | |
| 040 | @aDLC@cDLC@dCIN | |
| 041 | 1 | @aengund |
| 050 | 00 | @aQC176.8.E4@bK85313 1978 |
| 082 | @a537.6/22 | |
| 090 | @aP343.4/W65 | |
| 090 | @aO417.3 | |
| 099 | @dO417.3@ex18 | |
| 100 | 1 | @aKlinger, Mikhail Izrailevich. |
| 245 | 10 | @aProblems of linear electron (polaron) transport theory in semiconductors / @cby M. I. Klinger ; translated and edited by J. B. Sykes. |
| 250 | @a1st ed. | |
| 260 | 0 | @aOxford ;@aNew York :@bPergamon Press,@c1979. |
| 300 | @axv, 934 p. ;@c26 cm. | |
| 490 | 0 | @aInternational series in natural philosophy ; v. 87. |
| 504 | @aIncludes bibliographical references and index. | |
| 650 | 0 | @aPolarons. |
| 650 | 0 | @aElectron transport. |
| 650 | 0 | @aSemiconductors. |
| 700 | 1 | @aSykes, J. B.@q(John Bradbury) |
| Problems of linear electron (polaron) transport theory in semiconductors / / by M. I. Klinger ; translated and edited by J. B. Sykes.-1st ed.-Oxford ; ; New York : : Pergamon Press, , 1979. |
| xv, 934 p. ; ; 26 cm.- (International series in natural philosophy ; v. 87. ) |
| Includes bibliographical references and index. |
| ISBN 0080182240. |
| ● |
| 相关链接 |
|
|
|
|
正题名:Problems of linear electron (polaron) transport theory in semiconductors
索取号:O417.3/x18
 
预约/预借
| 序号 | 登录号 | 条形码 | 馆藏地/架位号 | 状态 | 备注 |
| 1 | 0000182 | 300001824 | 第四借阅区/ [索取号:O417.3/x18] | 在馆 |